000 00407 a2200169 4500
003 OSt
005 20180116182905.0
008 160426b xxu||||| |||| 00| 0 eng d
020 _a8120321766
040 _c0
100 _aGerry Johnson
245 _aExploiring corporate strategy text and cases
250 _a6th
260 _aNew Delhi
_c2002
300 _a1082
942 _aNBS
_cBK
_k658.4012 JOH
_2ddc
999 _c347910
_d347910